| 000 | 00675nam a22002177i 4500 | ||
|---|---|---|---|
| 003 | URS | ||
| 005 | 20260224133247.0 | ||
| 008 | 190206s2004 xxu||||| |||| 00| 0 eng d | ||
| 020 | _a2-7380-1158-6 | ||
| 040 |
_cURS _dURS |
||
| 050 |
_aS 411 _bS75 |
||
| 100 | _aSauvant, Daniel | ||
| 245 |
_aTables of composition and nutritional value of feed materials _cD. Sauvant, J.-M. Perez and G. Tran |
||
| 264 | 1 |
_aFrance _bWageningen academic _c2002. |
|
| 300 |
_a303 pages _billustrations.,24 cm. |
||
| 336 |
_atext _btxt _2rdacontent |
||
| 337 |
_aunmediated _bn _2rdamedia |
||
| 338 |
_avolume _bnc _2rdacarrier |
||
| 650 | _aChemical data and nutritional value | ||
| 942 |
_cFR _2lcc |
||
| 999 |
_c98840 _d98837 |
||